Energy and power

Bibliographic Details
Main Author: Taylor, Barbara
Format: Book
Published: London : Watts Books , 1990
Series:Science starters
Subjects:

MARC

LEADER 00000cam a2200000 7i4500
001 0000004261
002 000004580
005 20071224.0
020 |a 0749601507 
090 0 0 |a 500   |b SCI 
100 1 |a Taylor, Barbara 
245 1 0 |a Energy and power   |c Barbara Taylor ; photographs by Peter Millard 
260 |a London :   |b Watts Books ,   |c 1990 
300 |a 32p. ;   |c 26cm. 
490 0 |a Science starters 
650 0 0 |a Energy   |x Juvenile literature 
999 |a 037364   |b BUKU   |c JUNIOR BOOKS   |e PERPUSTAKAAN KOMUNITI PETALING JAYA